Word Ladder: Beauty Is... Quiz Stats

 Plays Quiz Updated Apr 3, 2019

Score 0/20 Timer 02:00
2 Plays Today
Hint 4-Letter Word % Correct
Group of musiciansBAND
96.9%
What you might find on a beachSAND
96.6%
Gust of airWIND
95.3%
Untamed WILD
94.4%
SpokenSAID
94.1%
Tie togetherBIND
93.7%
Animal with antlersDEER
89.3%
Term of affectionDEAR
88%
Move like a topSPIN
85.4%
Partner of 'hop' and 'jump'SKIP
85.4%
Hint 4-Letter Word % Correct
GreasyOILY
85.1%
University V.I.P.DEAN
83.9%
• 2nd word - 'Beauty is ____ ____ ____' •• SKIN •
83.5%
CunningWILY
82.6%
• 1st word - 'Beauty is ____   ____   ____' •• ONLY •
81.4%
Puff Daddy's first nameSEAN
80.8%
• 3rd word - 'Beauty is ____   ____   ____' •• DEEP •
80.5%
Length of time SPAN
78.6%
Often precedes a fallSLIP
74%
Coast along a surface, past tenseSLID
73%

Today's Daily Dose

Missing Word
Celine Dion

Word Ladder
Dr. Seuss Books

Quick Pick
Cities in India

Get the Picture
'A' Actresses

You're not logged in!

Compare scores with friends on all Sporcle quizzes.
OR
Log In

Sporcle TV

Today on Sporcle TV


Watch our educational content, quiz creation guides, and fun videos on Sporcle TV.

Show Comments

Extras

Top Quizzes Today


Score Distribution

Your Account Isn't Verified!

In order to create a playlist on Sporcle, you need to verify the email address you used during registration. Go to your Sporcle Settings to finish the process.

Report this User

Report this user for behavior that violates our Community Guidelines.

Details: